000 00504cam a22001457a 4500
008 180718b1987 xxu||||| |||| 00| 0 eng d
082 _aI27x42 R72
100 _aRose, Richard
245 _aMinisters and ministries: a functional analysis
_cby Richard Rose
260 _aOxford
_bClarendon
_c1987
300 _a287p.
650 _aExecutive departments --Great Britain --Case studies
650 _aCabinet system --Great Britain --Case studies
650 _aCabinet officers --Great Britain --Case studies
999 _c352707
_d352707